00313nam a2200109Ia 4500082001200000100003000012245003400042260004300076300000800119650006000127710001600187 aTG.0075 aGupta, Vishweshwar Prasad 0aTribal economy in Baghelkhand c1974bAwadhesh Pratap Singh University a282 aTribal developmentzIndiazBaghelkhand (Madhya Pradesh) aVarma, K.C.